000 00680nam a22002057a 4500
005 20240530110442.0
008 150328s2012 ua g 000 f ara d
017 _a2012/3099
_bمصر . دار الكتب المصرية
020 _a9789770931103
040 _aEG-CaGPL
082 0 4 _221
_a817\
_bب س
100 0 _aبلال فضل
245 1 0 _aست الحاجة مصر :
_bمحاولة لم هم ما يتلم فى كتاب /
_cبلال فضل
250 _aط2.
260 _aالقاهرة :
_bدار الشروق ،
_c2012
300 _a164 ص ؛
_c20 سم
650 0 4 _aالقصص العربية
942 _2ddc
_cBK
999 _c61074
_d61074